The selected poetry of Vicente Huidobro /

Bibliographic Details
Main Author: Huidobro, Vicente, 1893-1948
Other Authors: Guss, David M.
Format: Book
Language:English
Spanish
French
Published: New York : New Directions Pub. Corp., 1981.

MARC

Tag First Indicator Second Indicator Subfields
LEADER 00000pam a2200000 a 4500
001 in00000074963
005 20151008054836.0
008 810316s1981 nyuac b 00010 eng
010 |a  81004305  
019 |a 8139921 
020 |a 0811208044 
020 |a 0811208052 (pbk.) 
035 |a (OCoLC)07306713 
035 |9 AAJ1839AM 
039 0 |a 2  |b 3  |c 3  |d 3  |e 3 
040 |a DLC  |c DLC  |d TXA  |d UtOrBLW 
041 1 |a eng  |a spa  |a fre 
049 |a TXAM  |c [1442341] 
050 0 0 |a PQ8097.H8  |b A24 1981 
082 0 |a 861  |2 19 
100 1 |a Huidobro, Vicente,  |d 1893-1948. 
240 1 0 |a Poems.  |k Selections.  |l English 
245 1 4 |a The selected poetry of Vicente Huidobro /  |c edited with an introduction by David M. Guss ; translated by David M. Guss [and others]. 
264 1 |a New York :  |b New Directions Pub. Corp.,  |c 1981. 
300 |a xxi, 234 pages :  |b illustrations, portrait ;  |c 21 cm. 
336 |a text  |b txt  |2 rdacontent 
337 |a unmediated  |b n  |2 rdamedia 
338 |a volume  |b nc  |2 rdacarrier 
500 |a Poetry in English translation, parallel Spanish and French texts. 
500 |a "A new directions book." 
504 |a Bibliography: pages 233-234. 
700 1 |a Guss, David M. 
999 |a MARS 
999 f f |s d3ab5a95-6eb0-3c59-b548-a4b5be639a7b  |i c118a42d-4975-3714-ae45-4355b5b6d6c1  |t 0 
952 f f |p normal  |a Texas A&M University  |b College Station  |c Sterling C. Evans Library  |d Evans: Library Stacks  |t 0  |e PQ8097.H8 A24 1981  |h Library of Congress classification  |i unmediated -- volume  |m A14806182213 
998 f f |a PQ8097.H8 A24 1981  |t 0  |l Evans: Library Stacks